|
|
|
|
| LEADER |
00000nam a2200000 a 4500 |
| 001 |
vtls008988523 |
| 003 |
SK-MaSNL |
| 005 |
20260301210251.0 |
| 008 |
240314n1549 it n lat |
| 040 |
|
|
|a SNK
|b slo
|c SNK
|e AACR 2
|
| 041 |
0 |
|
|a lat
|
| 044 |
|
|
|a IT
|
| 100 |
1 |
|
|a Gelous, Sigismund
|4 aut
|9 593525
|
| 245 |
1 |
0 |
|a De Beatitudine. Eiusdem ...
|c Sigismundi Geloi Pannonii Oratio
|
| 260 |
|
|
|a Patavii [Padova]
|b Iacobus Fabrianus Excudebat.
|c [M.D.XLIX.] [=1549]
|
| 300 |
|
|
|a A2-H2 [16 listov]
|c 2°
|
| 501 |
|
|
|a Príväzok 37. k: [Theses Juridicae] [S.l.][s.n.]. 4°. [16. stor.]
|5 SNK: SC 127104
|
| 510 |
4 |
|
|a RMK
|c III. 385
|
| 650 |
0 |
7 |
|a Filozofia
|x Etika
|x Úvaha
|2 SNK
|9 593526
|
| 700 |
1 |
|
|a Fabrinius, Jacobus
|4 prt
|9 593527
|
| 700 |
1 |
|
|a Naugerius, Bernard
|4 pat
|9 593528
|
| 852 |
|
|
|a SNK
|b SC 127104 prív. 37
|
| 999 |
|
|
|c 913028
|d 914958
|
| 952 |
|
|
|a SNK
|b SNK
|c SNK_HF
|y NEVYP
|7 1
|o snkSC 127104 prív. 37
|0 0
|1 0
|4 0
|d 2007-05-14
|l 0
|r 2026-02-24 07:49:41
|w 2026-02-24
|